00371nam a2200133Ia 4500008004100000041001200041082002400053100004200077245003200119260003200151300000800183650002100191650002500212231221s9999 xx 000 0 und d aEnglish a641.87046 MET;1 R aMetcalfe, Charles Mcwhirter, Kathryn 0aWines of Spain and Portugal c1990bH.P.BookaLos Angeles a160 aHotel Management aWines,spain,portugal